Old Shanghai : gangsters in Paradise

Bibliographic Details
Main Author: Pan Ling
Format: Book
Published: Singapore : Heinamenn Asia , 1993
Subjects:

MARC

LEADER 00000cam a2200000 7i4500
001 0000003589
002 000003862
005 20000330.0
020 |a 9971643405 
090 0 0 |a 364.1066   |b PAN 
100 0 |a Pan Ling 
245 1 0 |a Old Shanghai :   |b gangsters in Paradise   |c Pan Ling 
260 |a Singapore :   |b Heinamenn Asia ,   |c 1993 
300 |a 239p. ;   |c 22cm. 
650 0 0 |a Chinese behaviour 
650 0 0 |a Gangs   |z China 
650 0 0 |a History   |z China 
999 |a 037098   |b BUKU   |c PINJAMAN   |e PERPUSTAKAAN KOMUNITI PETALING JAYA 
999 |a 042015   |b BUKU   |c PINJAMAN   |e PERPUSTAKAAN KOMUNITI PETALING JAYA